CAPITALI CONQUISTATE DA ALTRI STATI (LETTERA B) - Statistics

Statistiche generali
  • Questo quiz è stato fatto 36 volte
  • Il punteggio medio è 17 su 18
Statistiche sulle risposte
CAPITALE STATO % Corretto
Belgio: BRUXELLES Francia/Olanda/Paesi Bassi/Austria/Germania
100%
Benin: PORTO NOVO Portogallo/Francia
100%
Bahrein: AL MANAMA Portogallo/Iran/Qatar/Regno Unito/Oman
100%
Bolivia: LA PAZ Spagna
100%
Bahamas: NASSAU Spagna/Regno Unito/Usa/Francia
100%
Bielorussia: MINSK Lituania/Mongolia/Polonia/Russia/Germania
96%
Barbados: BRIDGETOWN Regno Unito
96%
Botswana: GABORONE Regno Unito
96%
Birmania: NAYPYDAW Regno Unito/Giappone
96%
Bangladesh: DACCA Regno Unito/Pakistan
96%
Belize:BELMOPAN Spagna/Regno Unito
96%
Bulgaria: SOFIA Italia/Russia/Turchia
93%
Bhutan: THIMPU (risposta giusta:nessuno) Nessuno
93%
Bosnia-Erzegovina: SARAJEVO Turchia/Austria/Ungheria/Serbia
93%
Burkina Faso: OUAGADOGOU Francia
89%
Brasile: BRASILIA (seguire consiglio del Bhutan) Nessuno
86%
Brunei: BANDAR SERI BEGAWAN Regno Unito/Giappone
86%
Burundi: GITEGA Belgio/Germania
82%
Nessun quiz corrispondente trovato
Distribuzione punteggi
Percentuale di utenti per punteggio
Percentile per numero di risposta
I tuoi punteggi nel tempo
Non hai fatto questo quiz